000 00559nam a22002297a 4500
003 UA-OsUOA
001 136492
007 ta
008 20190327b un ||||| |||| 00| 0 ukr d
100 _aФейхоо С.
090 _a821
_bФ36
942 _cBK
040 _aUA-OsUOA
_bukr
_cUA-OsUOA
_dUA-OsUOA
245 _aХуан Кінкін
300 _a241 с.
955 _a3
041 _aukr
080 _a821
260 _aК.
_bДніпро
_c1968
650 7 _a82 Література. Літературознавство
_2UDC
999 _c409458
_d409458